| 000 | 03481ncm2a2200385 4500 | ||
|---|---|---|---|
| 001 | RU\NLR\ONIZ\298717 | ||
| 005 | 20250625090122.0 | ||
| 035 | _a(NLR Aleph) 022017863 | ||
| 090 |
_a12503219 _c12503219 |
||
| 100 | _a20230804d1930 |||y0rusy50 ca | ||
| 101 | 0 | _arus | |
| 102 | _aRU | ||
| 135 | _acrcn 024anaba | ||
| 145 | 0 | _ab | |
| 200 | 1 |
_aАльбом № 10 _bНоты _fсоставил и редактировал Д. С. Блок |
|
| 203 |
_aМузыка _bзнаковая _bвизуальная _cнепосредственная |
||
| 210 |
_aЛенинград _cТеа-кино-печать _d[1930] |
||
| 215 |
_a28 с. _cил. _d34 см |
||
| 313 | _aСистематизация документа проведена по изданию - Методика классифицирования музыкальных произведений (нотных изданий) по таблицам Библиотечно-библиографических классификаций : метод. рекомендации / Гос. б-ка СССР им. В.И. Ленина.- М., 1977. Индексу ББК методических рекомендаций присваивается код ББК для научных библиотек - LBC/SL | ||
| 325 | _aКопия доступна в Электрон. б-ке РНБ | ||
| 327 | 1 | _a№ 110. Лес - Утро - Журчание ручейка - Порхание птичек / Шаминад. № 111. Русский фильм - Печаль - Осиротевшие - Мрачное настроение / Ребиков. № 112. Комедия - Веселая беседа - Игры / Латан. № 113. Историч. фильм - Средневековье - Старый замок - Драматич. эпизод / Воттава. № 114. Тихая лунная ночь - Спокойная созерцательная лирика : [ноктюрн : ор. 72 № 1]/ Шопен. № 115. Драматический эпизод - Сомнение - Бурное объяснение / Невин. № 116. Бытовой фильм - Русская деревня - Веселый эпизод / Ландри. № 117. Балетная сцена - 19-й век - Игры в саду - Веселье : [вальс : op. posth.]/ Шопен. № 118. Север - Меланхолия - Грустные воспоминания / Григ. № 119. Исторический фильм - 16-й век - Дворцовый бал - Гавот / Фельтман. | |
| 461 | 0 |
_1001RU\NLR\ONIZ\298618 _12001#$aКино-музыка$bНоты$eнотные альбомы$eпособие для кино-иллюстраторов$v№ 10 _912503183 _cЛенинград _d1928-1930 _oнотные альбомы : пособие для кино-иллюстраторов _tКино-музыка: Ноты _v№ 10 |
|
| 702 | 1 |
_9z01790 _aБлок _bД. С. _f1888-1948 _gДавид Семенович _4340 _4220 _7ca |
|
| 790 | 1 |
_9z01702 _aBlok _bD. S. _f1888-1948 _gDavid Semjonovič _4340 _4220 _7ba |
|
| 801 | 0 |
_aRU _bNLR _c20230804 _gPSBO |
|
| 801 | 1 |
_aRU _bNLR _c20230804 _2rusmarc |
|
| 801 | 2 |
_aRU _bNLR _c20230804 |
|
| 852 |
_aNLR _bМ _j255-4/27(10) _p135503 _t1 |
||
| 942 | _cSCORE | ||
| 980 | _aNB | ||
| 980 | _aONIZ | ||
| 981 | 2 | 4 | _a(24) Нотные издания и аудиозаписи |